| 000 | 00327nam a2200133Ia 4500 | ||
|---|---|---|---|
| 008 | 230312s9999||||xx |||||||||||||| ||und|| | ||
| 082 |
_a005.43 _bCON-F |
||
| 245 | 0 | _aFor Distribution Only With a New PC | |
| 260 | _c1993 | ||
| 300 | _a122 | ||
| 546 | _aEng. | ||
| 650 |
_aComputer _vGetting Started , MS-DOS Basics |
||
| 942 | _cBK | ||
| 999 |
_c3068 _d3068 |
||